| 000 | 01975nam a2200469 i 4500 | ||
|---|---|---|---|
| 001 | 40598 | ||
| 003 | KOSZ 005 | ||
| 005 | 20200604082016.0 | ||
| 008 | 020725s2001 pl a d |001 0 mul | ||
| 015 | _aPB 2003/14457 | ||
| 020 | _a8372421773 | ||
| 040 |
_aWA N _cWA N _dKOSZ 005/HR |
||
| 041 | 0 | _amul | |
| 046 | _k2001 | ||
| 080 | _a621.9 | ||
| 080 | _a81'374 | ||
| 080 | _a(038) | ||
| 245 | 0 | 0 |
_aBasic terminology on machining with tools of defined wedge geometry : _bin eight languages (English, French, German, Polish, Russian, Ukrainian, Czech, Slovak) / _ced. by Czesława Wojtowicz, Renata Górska and Lucjan Przybylski ; [zespół aut. Rozmarin Dubovska et al.] ; Cracow University of Technology nam. Tadeusza Kościuszki. |
| 246 | 1 | 3 |
_aPodstawowa terminologia z obróbki skrawaniem narzędziami o określonej geometrii ostrza : _bośmiojęzyczna (angielski, francuski, niemiecki, polski, rosyjski, ukraiński, czeski, słowacki) |
| 260 |
_aCracow : _bUniversity of Technology, _c2001. |
||
| 300 |
_a323 s. : _bil. ; _c24 cm. |
||
| 336 |
_2rdacontent _aTekst _btxt |
||
| 337 |
_2rdamedia _aBez urządzenia pośredniczącego _bn |
||
| 338 |
_2rdacarrier _aWolumin _bnc |
||
| 380 | _aKsiążki | ||
| 380 | _aPublikacje fachowe | ||
| 388 | _a2001- | ||
| 504 | _aBibliogr. Indeks. | ||
| 658 | _aInżynieria i technika | ||
| 658 | _aJęzykoznawstwo | ||
| 650 | 4 | _aSkrawanie | |
| 650 | 4 | _aTerminologia | |
| 655 | 4 | _aSłownik terminologiczny | |
| 655 | 4 | _aSłownik wielojęzyczny | |
| 700 | 1 |
_aDubovska, Rozmarin. _eAutor |
|
| 700 | 1 |
_aPrzybylski, Lucjan _d(1932- ). _eRedakcja |
|
| 700 | 1 |
_aGórska, Renata. _eRedakcja |
|
| 700 | 1 |
_aWojtowicz, Czesława. _eRedakcja |
|
| 710 | 2 |
_aPolitechnika Krakowska im. Tadeusza Kościuszki _bWydawnictwo _4pbl. |
|
| 856 |
_uhttp://koha.tu.koszalin.pl/cgi-bin/koha/opac-detail.pl?biblionumber=40598 _yKatalog online BPK |
||
| 942 |
_2UKD _cKS |
||
| 999 |
_c40598 _d40598 |
||